Australian cities multiple choice: Melbourne - Statistics

General Stats
  • This quiz has been taken 119 times
  • The average score is 10 of 15
Answer Stats
Question Answer % Correct
What are called Yarra, Werribee and Maribyrnong? Rivers
96%
What are Monash, Swinburne and La Trobe? Universities
92%
What is Three Triple R? A public radio station
84%
What is the City Loop? A circuit of railway stations, mostly underground
80%
What's the biggest shopping centre? Chadstone
80%
What is a hook turn? Turning right from the far left lane to keep traffic out of the way of trams
80%
Apart from Easter, what's the big deal on Good Friday? Fundraising for the Royal Childrens Hospital
76%
What is Hosier Lane famous for? Graffiti
76%
Who was Melbourne's founder? Batman
72%
What's been in Little Bourke Street since the 1850s? Chinatown
68%
Which of these is a line from the Melbourne Football Club theme song? Every heart beats true for the Red and the Blue
60%
Which of these Melbourne suburbs is the odd one out geographically? Belgrave
56%
What are Huntingdale, Victoria, Royal Melbourne and Yarra Yarra? Golf courses
52%
Which of these tv shows was not made in Melbourne? Home and Away
40%
What has campuses at Parkville, Werribee and Badgers Creek? Royal Melbourne Zoological Gardens
32%
No matching quizzes found
Score Distribution
Percent of People with Each Score
Percentile by Number Answered
Your Score History
You have not taken this quiz